[Event "New Delhi Parsvnath op-C 16th"]
[Site "New Delhi"]
[Date "2018.01.13"]
[Round "1"]
[White "Kumar, Prahlad"]
[Black "Utkarsh, Agrawal"]
[Result "0-1"]
[WhiteElo "1229"]
[BlackElo "1586"]
[PlyCount "107"]
[EventDate "2018.01.09"]
[EventType "swiss"]
[EventRounds "10"]
[EventCountry "IND"]
[SourceTitle "CBM 182 Extra"]
[Source "ChessBase"]
[SourceDate "2018.02.23"]
[SourceVersion "1"]
[SourceVersionDate "2018.02.23"]
[SourceQuality "1"]

1. e4 e6 2. d4 d5 3. Nc3 Bb4 4. e5 c5 5. a3 Bxc3+ 6. bxc3 Qa5 7. Bd2 c4 8. Nf3 Ne7 9. Be2 h6 10. 0-0 Nbc6 11. h3 Qd8 12. Qc1 Nf5 13. Qd1 Bd7 14. Rb1 b6 15. Nh2 Qc7 16. Bg4 0-0-0 17. Qc1 Nce7 18. Qb2 h5 19. Be2 Rdg8 20. Bg5 Nc6 21. Nf3 Rf8 22. a4 Nh6 23. Bf4 Ne7 24. Qb4 Ng6 25. Bh2 Rh7 26. Ra1 Rhh8 27. Rfb1 Nf5 28. a5 b5 29. a6 Qb6 30. Ng5 Nfe7 31. Ra2 Nh4 32. Nf3 Nxf3+ 33. Bxf3 Nf5 34. Bf4 f6 35. Be2 Rhg8 36. Ra5 Nh6 37. Rxb5 Bxb5 38. Qxb5 Qxb5 39. Rxb5 f5 40. Rb7 g5 41. Bc1 Rf7 42. Rb5 h4 43. Bh5 Re7 44. Ba3 Rc7 45. Bd6 Rc6 46. Rb8+ Kd7 47. Rb7+ Kc8 48. Rxa7 g4 49. Ra8+ Kd7 50. Ra7+ Kc8 51. Kh2 g3+ 52. Kg1 Rb6 53. Ra8+ Kd7 54. Ra7+ 0-1